1612 1192 1646 1464 1392 1302 1486 1516 1472 1069 1404 1345 1098 1390 1480 1426 1707 1489 1251 1895 1237 1885 1513 1749 1620 1417 1681 1464 1822 1479 1064 1394 1524 1123 1835 1418 1214 1796 1702 1711 1362 1346 1892 1822 1666 1015 1206 1501 1291 1504 1642 1198 1224 1582 1539 1248 1422 1945 1406 1026 1067 1802 1451 1002 1926 1870 1429 1423 1062 1579 1298 1502 1423 1033 1213 1901 1102 1553 1003 1296 1062 1497 1233 1144 1926 1897 1551 1944 1846 1803 1038 1338 1405 1695 1446 1338 1157 2000 1756 BCNSPRNW ULIB Ver.6.0+V

เปลี่ยนเป็นภาษาไทย

Change to English
 แสดงรายละเอียดบรรณานุกรม
  กลับหน้าหลัก

Brief Record : Get Marc (ISO 2709) : E-mail record : QR code < ปิดหน้าต่าง
LEADER : 00000nam 2200000uu 4500
001    13399121980
003     ULIB
008    121218s2553||||th 000 0 tha d
020    ^a9789740326199
060  4 ^aWL385^bก491 2553
245 00 ^aการผ่าตัดโรคลมชัก =^bTextbook of epilepsy surgery / ^cธีรเดช ศรีกิจไพศาล, บรรณาธิการ
246 31 ^aTextbook of epilepsy surgery
250    ^aพิมพ์ครั้งที่ 1
260    ^aกรุงเทพฯ :^bโรงพิมพ์แห่งจุฬาลงกรณ์มหาวิทยาลัย,^c2553
300    ^aix, 508 หน้า :^bภาพประกอบ ;^c26 ซม
650  7 ^aลมบ้าหมู
650  7 ^aการชัก
650  7 ^aลมบ้าหมู^xการรักษา
700 0  ^aธีรเดช ศรีกิจไพศาล
945    ^p700^l0^i16810
945    ^p700^l0^i16811
995    ^aทศพร
999    ^aทศพร เกษรทอง
รายการนี้ยังไม่มีแท็ก
คุณยังไม่ได้ล็อกอิน คุณสามารถมีกิจกรรมร่วมกับเว็บไซต์ได้ แต่ต้องล็อกอินก่อน ::
  ล็อกอิน

รายการสื่อสารสนเทศ

ลำดับที่ ประเภท เลขเรียก/บาร์โค้ด สถานที่ สถานะ
1. วิทยาศาสตร์การแพทย์ และสุขภาพ
วิทยาศาสตร์การแพทย์ และสุขภาพ
สถานะ=หนังสือเก่า
WL385 ก491 2553 ฉ.1 
  Barcode: 16810
ห้องสมุดวิทยาเขตนครสวรรค์
►ส่วนจัดเก็บหนังสือเก่า นว.
บนชั้น
  ขอยืม
2. วิทยาศาสตร์การแพทย์ และสุขภาพ
วิทยาศาสตร์การแพทย์ และสุขภาพ
สถานะ=หนังสือเก่า
WL385 ก491 2553 ฉ.2 
  Barcode: 16811
ห้องสมุดวิทยาเขตนครสวรรค์
►ส่วนจัดเก็บหนังสือเก่า นว.
บนชั้น
  ขอยืม

รายการใกล้เคียง
    หัวเรื่อง [ลมบ้าหมู]
    หัวเรื่อง [การชัก]

BibComment


ยังไม่เคยถูกคอมเมนท์

คอมเมนท์ทรัพยากรรายการนี้
  คอมเมนท์: การผ่าตัดโรคลมชั..


 Copyright 2026. Bcnsprnw @Library